Statistics for Arctic Monkeys Lyrics - You And I

Click here to take the quiz!

General Stats

  • This quiz has been taken 8 times
  • The average score is 142 of 175

Answer Stats

Lyrics% Correct
a
100%
And
100%
and
100%
I
100%
me,
100%
me
100%
The
100%
the
100%
you
100%
You
100%
as
86%
baby
86%
had
86%
If
86%
if
86%
I'm
86%
in
86%
it
86%
it?
86%
like
86%
out
86%
tell
86%
to
86%
who
86%
woman,
86%
at
71%
away
71%
But
71%
don't
71%
F***
71%
girl,
71%
gonna
71%
heart,
71%
look
71%
not
71%
one
71%
she
71%
should
71%
turn
71%
way
71%
where
71%
Would
71%
you're
71%
Can't
57%
crazy
57%
going
57%
lights
57%
now
57%
Please
57%
ride
57%
take
57%
went
57%
act
43%
break
43%
decide
43%
engine's
43%
lonely
43%
running
43%
tonight
43%
try
43%
muddle
29%

Score Distribution

Percentile by Number Answered

Percent of People with Each Score

Your Score History

You have not taken this quiz